[Event "Casablanca Mohammed op 4th"]
[Site "Casablanca"]
[Date "2023.08.18"]
[Round "7"]
[White "Stefansson, Vignir Vatnar"]
[Black "Reimanis, Ritvars"]
[Result "1-0"]
[WhiteElo "2482"]
[BlackElo "2357"]
[PlyCount "99"]
[EventDate "2023.08.14"]
[EventType "swiss"]
[EventRounds "9"]
[EventCountry "MAR"]
[SourceTitle "CBM 215 Extra"]
[Source "ChessBase"]
[SourceDate "2023.09.30"]
[SourceVersion "1"]
[SourceVersionDate "2023.09.30"]
[SourceQuality "1"]

1. d4 Nf6 2. c4 e6 3. g3 Bb4+ 4. Nd2 c5 5. a3 Bxd2+ 6. Qxd2 cxd4 7. Nf3 0-0 8. Bg2 Qc7 9. Qxd4 Nc6 10. Qh4 b5 11. cxb5 Qa5+ 12. b4 Qxb5 13. Bb2 a5 14. Bxf6 gxf6 15. Rb1 axb4 16. axb4 Ra4 17. Nd4 Nxd4 18. Qxd4 Ba6 19. 0-0 Rb8 20. Qxf6 Rxb4 21. Rxb4 Qxb4 22. Bf3 Qb2 23. Qg5+ Kf8 24. Qc5+ Kg8 25. Qd6 Bc4 26. Rd1 e5 27. Qxd7 Be6 28. Qe7 h6 29. Qf6 Qc2 30. e4 Rb1 31. Rxb1 Qxb1+ 32. Kg2 Bc4 33. Kh3 Qb2 34. Bg4 Qd4 35. Bf5 Qd2 36. Kh4 Be2 37. h3 Bf3 38. Qe7 Qc1 39. Qe8+ Kg7 40. Qxe5+ Kg8 41. Qf6 Qd2 42. e5 Qd4+ 43. Bg4 Bxg4 44. hxg4 Qd5 45. Qxh6 Qh1+ 46. Kg5 Qf3 47. Qf6 Qe4 48. e6 Qd5+ 49. Kh6 Qh1+ 50. Qh4 1-0

[Event "Kragero op"]
[Site "Kragero"]
[Date "2023.02.24"]
[Round "6"]
[White "Kazakouski, Valery"]
[Black "Reimanis, Ritvars"]
[Result "1-0"]
[WhiteElo "2531"]
[BlackElo "2367"]
[PlyCount "130"]
[EventDate "2023.02.22"]
[EventType "swiss"]
[EventRounds "9"]
[EventCountry "NOR"]
[SourceTitle "CBM 212 Extra"]
[Source "ChessBase"]
[SourceDate "2023.03.31"]
[SourceVersion "1"]
[SourceVersionDate "2023.03.31"]
[SourceQuality "1"]

1. d4 d5 2. c4 e6 3. Nf3 Nf6 4. g3 Nbd7 5. Bg2 dxc4 6. a4 a6 7. 0-0 Rb8 8. a5 b5 9. axb6 Rxb6 10. Nfd2 Rb4 11. Na3 Bb7 12. Bxb7 Rxb7 13. Naxc4 Nb8 14. Nb3 Rb5 15. Qc2 Be7 16. Na3 Rb6 17. Bd2 Qd5 18. Nc4 Rb5 19. f3 Qb7 20. Rfc1 0-0 21. Nca5 Qb6 22. Qxc7 Qxc7 23. Rxc7 Bd8 24. Rc2 Bb6 25. e3 Nbd7 26. Kg2 e5 27. dxe5 Nxe5 28. e4 Rd8 29. Bc3 Nd3 30. Kf1 Rc8 31. Rd2 Ne5 32. Kg2 Bxa5 33. Nxa5 h6 34. Ra4 g5 35. Bxe5 Rxe5 36. Nc4 Re6 37. Nd6 Rb8 38. Nc4 g4 39. e5 gxf3+ 40. Kxf3 Rb3+ 41. Kf4 Ne8 42. Nd6 Nc7 43. Nf5 Reb6 44. Kg4 R3b5 45. Rd8+ Kh7 46. Rd7 Ne8 47. Rxf7+ Kg6 48. Re7 Rb4+ 49. Rxb4 Rxb4+ 50. Kh3 Kxf5 51. Rxe8 Rxb2 52. g4+ Kg6 53. Kg3 Rb3+ 54. Kf4 Rb4+ 55. Kf3 h5 56. Re6+ Kg5 57. gxh5 Rh4 58. h6 a5 59. Ra6 a4 60. Kg3 Rg4+ 61. Kf3 Rh4 62. e6 Rxh6 63. e7 Rh3+ 64. Ke4 Rxh2 65. Re6 Rh8 1-0

[Event "Kragero op"]
[Site "Kragero"]
[Date "2023.02.22"]
[Round "1"]
[White "Stangl, Anita"]
[Black "Reimanis, Ritvars"]
[Result "0-1"]
[WhiteElo "2013"]
[BlackElo "2367"]
[PlyCount "84"]
[EventDate "2023.02.22"]
[EventType "swiss"]
[EventRounds "9"]
[EventCountry "NOR"]
[SourceTitle "CBM 212 Extra"]
[Source "ChessBase"]
[SourceDate "2023.03.31"]
[SourceVersion "1"]
[SourceVersionDate "2023.03.31"]
[SourceQuality "1"]

1. e4 e5 2. Nf3 Nc6 3. Bc4 Bc5 4. 0-0 d6 5. h3 Nf6 6. d3 Na5 7. Bb3 Nxb3 8. axb3 Be6 9. Nc3 a6 10. d4 exd4 11. Nxd4 h6 12. Be3 Bd7 13. Nf5 Bxf5 14. Bxc5 Bg6 15. Bd4 0-0 16. Re1 Re8 17. Bxf6 Qxf6 18. Nd5 Qd8 19. f3 Bh7 20. Qd4 c6 21. Ne3 Re6 22. Rad1 Qe7 23. c4 Re8 24. g4 Bxe4 25. Ng2 Bxf3 26. Rxe6 fxe6 27. Rd2 Bxg2 28. Kxg2 d5 29. Qb6 Rf8 30. Re2 Qf6 31. Qe3 Qf1+ 32. Kg3 e5 33. cxd5 cxd5 34. Qd3 Kh8 35. Rd2 Qxd3+ 36. Rxd3 d4 37. Rd2 Rf6 38. Re2 Rb6 39. Rxe5 Rxb3+ 40. Kf4 Rxb2 41. Rd5 Rb4 42. Kf5 Rb5 0-1

[Event "LTU-ch Rapid"]
[Site "Taujenai"]
[Date "2022.12.04"]
[Round "7"]
[White "Posaskov, Nikita"]
[Black "Reimanis, Ritvars"]
[Result "0-1"]
[WhiteElo "1919"]
[BlackElo "2309"]
[PlyCount "82"]
[EventDate "2022.12.03"]
[EventType "swiss (rapid)"]
[EventRounds "10"]
[EventCountry "LTU"]
[SourceTitle "CBM 211 Extra"]
[Source "ChessBase"]
[SourceDate "2023.01.31"]
[SourceVersion "1"]
[SourceVersionDate "2023.01.31"]
[SourceQuality "1"]

1. d4 d6 2. Nf3 Bg4 3. Qd3 Nd7 4. e4 c6 5. Be2 e5 6. c3 Ngf6 7. 0-0 Be7 8. Be3 Qc7 9. Nbd2 Bh5 10. Qc2 Ng4 11. Bg5 Nxh2 12. Kxh2 Bxg5 13. Nxg5 Bxe2 14. Rfe1 Bh5 15. Kg1 0-0 16. dxe5 dxe5 17. Nc4 h6 18. Nh3 Bg4 19. Re3 Be6 20. Qe2 Nf6 21. Rg3 b5 22. Nd2 Rad8 23. Nf1 Qb6 24. Qf3 Kh8 25. Ne3 Rd2 26. Nf5 Bxf5 27. Qxf5 Re8 28. Re1 Qc7 29. Ree3 Qd7 30. Qxd7 Rxd7 31. Kh2 Red8 32. Ng1 h5 33. Re2 Ng4+ 34. Kh3 Rd2 35. f3 Nf2+ 36. Kh4 g6 37. Rg5 Rxe2 38. Nxe2 Nd3 39. b3 Kg7 40. Ng3 f6 41. Nxh5+ Kf7 0-1

[Event "Stockholm Elite Hotels GP"]
[Site "Stockholm"]
[Date "2022.11.05"]
[Round "6"]
[White "Reimanis, Ritvars"]
[Black "Bergstrom, Rolf"]
[Result "1/2-1/2"]
[WhiteElo "2383"]
[BlackElo "2166"]
[PlyCount "107"]
[EventDate "2022.11.04"]
[EventType "swiss"]
[EventRounds "8"]
[EventCountry "SWE"]
[SourceTitle "EXT 2024"]
[Source "ChessBase"]
[SourceDate "2023.10.10"]
[SourceVersion "1"]
[SourceVersionDate "2023.10.10"]
[SourceQuality "1"]

1. d4 b6 2. Nf3 Bb7 3. g3 e6 4. Bg2 f5 5. 0-0 Nf6 6. c4 Be7 7. d5 Ne4 8. dxe6 dxe6 9. Nfd2 Nc5 10. Bxb7 Nxb7 11. e4 0-0 12. exf5 exf5 13. Qf3 c6 14. Nb3 Bd6 15. Nc3 f4 16. gxf4 Qc7 17. Nd4 Qf7 18. b3 Bxf4 19. Bxf4 Qxf4 20. Qxf4 Rxf4 21. Rad1 c5 22. Ndb5 Nc6 23. Rd7 Rf7 24. Rfd1 Raf8 25. Rxf7 Rxf7 26. Nd5 g5 27. Re1 Kg7 28. Re6 Nbd8 29. Rd6 Rf8 30. Kg2 h5 31. Nxa7 Ne5 32. Nxb6 Ng4 33. f3 Ne3+ 34. Kf2 Ng4+ 35. Kg3 Ne5 36. Nd7 Rxf3+ 37. Kg2 Ndf7 38. Nxe5 Nxe5 39. Nc6 Re3 40. Nxe5 Rxe5 41. Kf3 g4+ 42. Kf2 Rf5+ 43. Kg2 h4 44. Re6 Rf4 45. Re5 Rd4 46. Rxc5 Rd2+ 47. Kg1 Kg6 48. Rd5 Rxa2 49. Rd4 Kf5 50. h3 Ra1+ 51. Kg2 Ra2+ 52. Kg1 Ra1+ 53. Kg2 Ra2+ 54. Kg1 1/2-1/2

[Event "Olympiad-44"]
[Site "Chennai"]
[Date "2022.08.09"]
[Round "11.3"]
[White "Reimanis, Ritvars"]
[Black "Kozul, Zdenko"]
[Result "1-0"]
[WhiteElo "2377"]
[BlackElo "2602"]
[PlyCount "149"]
[EventDate "2022.07.29"]
[EventType "team-swiss"]
[EventRounds "11"]
[EventCountry "IND"]
[SourceTitle "CBM 210"]
[Source "ChessBase"]
[SourceDate "2022.10.31"]
[SourceVersion "1"]
[SourceVersionDate "2022.10.31"]
[SourceQuality "1"]
[WhiteTeam "Latvia"]
[BlackTeam "Croatia"]
[WhiteTeamCountry "LAT"]
[BlackTeamCountry "CRO"]

1. d4 Nf6 2. c4 g6 3. Nc3 Bg7 4. e4 d6 5. Be2 Nbd7 6. Nf3 e5 7. 0-0 0-0 8. Be3 h6 9. dxe5 dxe5 10. Qc1 Kh7 11. c5 Nh5 12. g3 c6 13. b4 Nhf6 14. Qc2 Qe7 15. Rad1 Ne8 16. Nd2 Ndf6 17. Nc4 Bh3 18. Rfe1 Nc7 19. f3 h5 20. Rd6 Rfb8 21. Red1 Nfe8 22. R6d2 Ne6 23. Bf1 Bxf1 24. Kxf1 b6 25. Ne2 bxc5 26. bxc5 Rb7 27. Kg2 Rc8 28. Na5 Rbc7 29. h4 Bh6 30. Bxh6 Kxh6 31. Nb3 g5 32. hxg5+ Qxg5 33. Rh1 Nf6 34. Kf2 Kg7 35. Qc3 Rd7 36. Rxd7 Nxd7 37. f4 Qf6 38. f5 Ng5 39. Nd2 Rh8 40. Qe3 Qe7 41. Rc1 Nh7 42. Nf3 Ndf6 43. Ke1 Rb8 44. Nd2 Ng4 45. Qc3 Nhf6 46. Ng1 Rb5 47. a4 Rb7 48. Ngf3 Qc7 49. Ke2 Qb8 50. Qd3 Rb2 51. Ke1 Qb4 52. Rc4 Qa5 53. Qa3 Rb1+ 54. Ke2 Rh1 55. Qc3 Qa6 56. Qd3 h4 57. Nxh4 Qc8 58. Ndf3 Qb7 59. Qc2 Rb1 60. Nd2 Rg1 61. Qc3 Nh5 62. f6+ Kh7 63. Nf5 Nhxf6 64. Rb4 Qd7 65. Nd6 Qe6 66. Rb7 Rg2+ 67. Ke1 Qa2 68. Rxf7+ Kg6 69. Rb7 Qxa4 70. Qb3 Qa1+ 71. Nb1 Qa5+ 72. Nc3 Qa1+ 73. Nb1 Kg5 74. Rg7+ Kh6 75. Nf5+ 1-0

[Event "Kragero op"]
[Site "Kragero"]
[Date "2022.02.27"]
[Round "9"]
[White "Reimanis, Ritvars"]
[Black "Alinasab, Mobina"]
[Result "0-1"]
[WhiteElo "2397"]
[BlackElo "2325"]
[PlyCount "68"]
[EventDate "2022.02.23"]
[EventType "swiss"]
[EventRounds "9"]
[EventCountry "NOR"]
[SourceTitle "CBM 207 Extra"]
[Source "ChessBase"]
[SourceDate "2022.05.31"]
[SourceVersion "1"]
[SourceVersionDate "2022.05.31"]
[SourceQuality "1"]

1. Nf3 Nf6 2. d4 e6 3. c4 d5 4. Nc3 c5 5. cxd5 exd5 6. Bg5 Be6 7. e3 c4 8. Be2 Bb4 9. Bxf6 Qxf6 10. Qa4+ Nc6 11. Ne5 0-0 12. Nxc6 Bxc3+ 13. bxc3 Bd7 14. 0-0 Bxc6 15. Qc2 b5 16. Bf3 a5 17. a3 Rfb8 18. e4 Qg6 19. Rad1 Re8 20. Qb1 dxe4 21. d5 Bd7 22. Be2 Bh3 23. Bf3 f5 24. Rfe1 exf3 25. g3 Rxe1+ 26. Rxe1 Re8 27. Rd1 f4 28. Qxb5 Qe4 29. Qb1 Qxb1 30. Rxb1 Re5 31. Rd1 fxg3 32. hxg3 Rh5 33. g4 Bxg4 34. Rd4 Bh3 0-1

[Event "Kragero op"]
[Site "Kragero"]
[Date "2022.02.26"]
[Round "7"]
[White "Gharibyan, Mamikon"]
[Black "Reimanis, Ritvars"]
[Result "1-0"]
[WhiteElo "2479"]
[BlackElo "2397"]
[PlyCount "95"]
[EventDate "2022.02.23"]
[EventType "swiss"]
[EventRounds "9"]
[EventCountry "NOR"]
[SourceTitle "CBM 207 Extra"]
[Source "ChessBase"]
[SourceDate "2022.05.31"]
[SourceVersion "1"]
[SourceVersionDate "2022.05.31"]
[SourceQuality "1"]

1. d4 Nf6 2. c4 e6 3. Nf3 d5 4. Nc3 Be7 5. Bf4 0-0 6. e3 c5 7. a3 cxd4 8. exd4 dxc4 9. Bxc4 Nbd7 10. 0-0 Nb6 11. Bd3 Nbd5 12. Nxd5 Qxd5 13. Ne5 Bd7 14. Re1 Bb5 15. Bc2 Rad8 16. Be3 Bc6 17. f3 Qd6 18. Qd3 g6 19. Rad1 Nd7 20. Nxc6 bxc6 21. Qa6 Qc7 22. Bf2 Bd6 23. g3 Nb8 24. Qa4 Be7 25. Be4 Bf6 26. Rd3 Bg7 27. f4 Rd6 28. Qc4 Rfd8 29. Red1 Nd7 30. b4 Nf6 31. Bf3 Qd7 32. Kg2 Nd5 33. Qc5 Bf6 34. Rc1 Qb7 35. Bxd5 exd5 36. f5 Be7 37. Rf3 Qd7 38. Qc2 Bg5 39. Re1 Re8 40. Re5 Bf6 41. Rxe8+ Qxe8 42. Qc5 Qd7 43. g4 gxf5 44. gxf5 Be7 45. Qc1 Rf6 46. Qf4 Rd6 47. Rg3+ Kf8 48. Qg4 1-0

[Event "Kragero op"]
[Site "Kragero"]
[Date "2022.02.26"]
[Round "8"]
[White "Reimanis, Ritvars"]
[Black "Van Dael, Siem"]
[Result "1/2-1/2"]
[WhiteElo "2397"]
[BlackElo "2303"]
[PlyCount "49"]
[EventDate "2022.02.23"]
[EventType "swiss"]
[EventRounds "9"]
[EventCountry "NOR"]
[SourceTitle "CBM 207 Extra"]
[Source "ChessBase"]
[SourceDate "2022.05.31"]
[SourceVersion "1"]
[SourceVersionDate "2022.05.31"]
[SourceQuality "1"]

1. Nf3 Nf6 2. c4 g6 3. Nc3 Bg7 4. g3 0-0 5. Bg2 d6 6. 0-0 c5 7. Rb1 Nc6 8. a3 a5 9. e4 Ne8 10. Ne1 Nc7 11. Nc2 Ne6 12. b4 axb4 13. axb4 cxb4 14. Nxb4 Ned4 15. Nc2 Be6 16. d3 Rb8 17. Be3 Qd7 18. Nxd4 Nxd4 19. Nb5 Nc6 20. Qe2 f5 21. f3 fxe4 22. fxe4 Bg4 23. Qd2 Ne5 24. Bf4 Bh3 25. Bxe5 1/2-1/2

[Event "EU-ch Rapid"]
[Site "Katowice"]
[Date "2021.12.18"]
[Round "5"]
[White "Morkunas, Gustas"]
[Black "Reimanis, Ritvars"]
[Result "1-0"]
[WhiteElo "1967"]
[BlackElo "2397"]
[PlyCount "44"]
[EventDate "2021.12.18"]
[EventType "swiss (rapid)"]
[EventRounds "11"]
[EventCountry "POL"]
[SourceTitle "CBM 205 Extra"]
[Source "ChessBase"]
[SourceDate "2022.01.31"]
[SourceVersion "1"]
[SourceVersionDate "2022.01.31"]
[SourceQuality "1"]

1. e4 e6 2. d4 d5 3. Nc3 c6 4. a3 f5 5. exf5 exf5 6. Nf3 Nf6 7. Bd3 Bd6 8. Ne2 Qc7 9. c4 Qe7 10. 0-0 0-0 11. Nf4 dxc4 12. Bxc4+ Kh8 13. Ng5 Ng4 14. h4 b5 15. Bb3 Na6 16. Re1 Qf6 17. g3 Bd7 18. Nh5 Qg6 19. Nf4 Qf6 20. Nh5 Qg6 21. Nf4 Qf6 22. Nh5 Qg6 1-0

[Event "EU-ch Rapid"]
[Site "Katowice"]
[Date "2021.12.18"]
[Round "1"]
[White "Pyclik, Blazej"]
[Black "Reimanis, Ritvars"]
[Result "0-1"]
[WhiteElo "1553"]
[BlackElo "2397"]
[PlyCount "82"]
[EventDate "2021.12.18"]
[EventType "swiss (rapid)"]
[EventRounds "11"]
[EventCountry "POL"]
[SourceTitle "CBM 205 Extra"]
[Source "ChessBase"]
[SourceDate "2022.01.31"]
[SourceVersion "1"]
[SourceVersionDate "2022.01.31"]
[SourceQuality "1"]

1. c4 e6 2. g3 d5 3. Bg2 Nf6 4. Nf3 d4 5. d3 h6 6. a3 c5 7. Nbd2 Nc6 8. Rb1 a5 9. 0-0 Bd6 10. Ne1 e5 11. Nc2 0-0 12. Nf3 Re8 13. e4 Rb8 14. Bd2 b5 15. b3 Be6 16. h3 Re7 17. Nh4 Reb7 18. Ra1 a4 19. bxa4 bxc4 20. dxc4 Bxc4 21. Re1 Bb3 22. Qc1 Bf8 23. f4 Bxa4 24. Rf1 Rb3 25. Kh2 Nh5 26. Rf3 exf4 27. Ne1 fxg3+ 28. Kh1 Qxh4 29. Rxb3 Rxb3 30. Qc4 Rb2 31. Nf3 Qxe4 32. Qxa4 Nf4 33. Re1 Rb1 34. Qc4 Rxe1+ 35. Bxe1 Nxg2 36. Kxg2 Ne5 37. Qf1 Nxf3 38. Qxf3 Qxe1 39. a4 c4 40. a5 Qxa5 41. Qxg3 Qg5 0-1